[Event "Pereira Fiestas de la Cosecha op"]
[Site "Pereira"]
[Date "2023.08.27"]
[Round "6"]
[White "Quevedo Perales, Aaron Wilfredo"]
[Black "Granada, Ferney de Jesus"]
[Result "1-0"]
[WhiteElo "1541"]
[BlackElo "1186"]
[PlyCount "69"]
[EventDate "2023.08.24"]
[EventType "swiss"]
[EventRounds "7"]
[EventCountry "COL"]
[SourceTitle "EXT 2024"]
[Source "ChessBase"]
[SourceDate "2023.10.10"]
[SourceVersion "1"]
[SourceVersionDate "2023.10.10"]
[SourceQuality "1"]

1. e4 c5 2. c3 d6 3. d4 cxd4 4. cxd4 e6 5. Nc3 a6 6. Bd3 Be7 7. Nf3 Bd7 8. 0-0 h6 9. Be3 Qc7 10. Rc1 Qd8 11. Qd2 Nf6 12. e5 dxe5 13. Nxe5 Nc6 14. f4 Bb4 15. Qc2 Bxc3 16. bxc3 Nd5 17. Bd2 Rc8 18. a3 Nxd4 19. Qb1 Nb5 20. f5 Nd6 21. Nxd7 Qxd7 22. fxe6 fxe6 23. Bg6+ Kd8 24. c4 Nf6 25. Bf4 Ke7 26. Rfd1 Rc6 27. c5 Nd5 28. Bxd6+ Kd8 29. Rf1 Rxd6 30. cxd6 b5 31. Rf7 Qxd6 32. Qc2 Qb6+ 33. Kh1 Qb8 34. Qc6 Re8 35. Qd7# 1-0

[Event "Pereira Fiestas de la Cosecha op"]
[Site "Pereira"]
[Date "2023.08.25"]
[Round "3"]
[White "Montilla Reyes, Jorcerys"]
[Black "Quevedo Perales, Aaron Wilfredo"]
[Result "1-0"]
[WhiteElo "2178"]
[BlackElo "1541"]
[PlyCount "151"]
[EventDate "2023.08.24"]
[EventType "swiss"]
[EventRounds "7"]
[EventCountry "COL"]
[SourceTitle "EXT 2024"]
[Source "ChessBase"]
[SourceDate "2023.10.10"]
[SourceVersion "1"]
[SourceVersionDate "2023.10.10"]
[SourceQuality "1"]

1. d4 d5 2. c4 c6 3. Nc3 Nf6 4. Nf3 dxc4 5. a4 Bf5 6. e3 e6 7. Bxc4 Bb4 8. 0-0 0-0 9. h3 Ne4 10. Qb3 Qb6 11. Nxe4 Bxe4 12. Ne5 Bd5 13. f3 Bd6 14. Bxd5 exd5 15. Qd3 Qc7 16. Ng4 f5 17. Nf2 Nd7 18. Bd2 Nb6 19. Ba5 Qe7 20. Bxb6 axb6 21. e4 fxe4 22. fxe4 dxe4 23. Nxe4 Rxf1+ 24. Rxf1 Bc7 25. Qb3+ Kh8 26. Qf7 Qd8 27. Kh1 h6 28. b3 Rc8 29. Qf5 Ra8 30. Qf7 Rc8 31. Rd1 Qe8 32. Qf3 Qe7 33. Kg1 Rf8 34. Qd3 Re8 35. Re1 Rd8 36. Re2 Qd7 37. Nf2 Qd6 38. Kf1 Rf8 39. Re3 Rd8 40. Re4 Qd5 41. Re7 Qd6 42. Qe4 Rf8 43. Re8 Qf6 44. Rxf8+ Qxf8 45. Ke2 Qf7 46. Qf3 Qe6+ 47. Qe3 Qg6 48. Qe4 Qf7 49. Qd3 Qd5 50. Ne4 Qf5 51. Qe3 g5 52. Nd2 Qf7 53. Nc4 Bf4 54. Qe4 Bg3 55. Qf3 Qe6+ 56. Kd3 Bf4 57. Qe4 Qf7 58. Kc3 b5 59. Ne5 Bxe5 60. Qxe5+ Kh7 61. axb5 cxb5 62. Qxb5 Qc7+ 63. Qc4 Qd6 64. Qf7+ Kh8 65. Qxb7 Qg3+ 66. Kc4 Qe3 67. Qf3 Qe6+ 68. d5 Qa6+ 69. Kd4 Qa1+ 70. Ke4 Kg7 71. Qd3 Qe1+ 72. Kf3 h5 73. d6 h4 74. Qd4+ Kf7 75. Qd5+ Kf8 76. Qf5+ 1-0